| 000 | 00785nam a22002057a 4500 | ||
|---|---|---|---|
| 005 | 20100813143455.0 | ||
| 010 | _aENG-100361 | ||
| 020 | _c1600.00 | ||
| 035 | _aEN-83893 | ||
| 037 | _bDBAD/PUB | ||
| 082 | _a005.133 | ||
| 100 |
_aNatu, Chetan _912729 |
||
| 245 |
_aJava programming : _bstudent manual / _cby Chetan Natu |
||
| 260 |
_aPune _bAvani Publishers _c2008 |
||
| 270 |
_aFlat No.2, Ground Floor, Radhakrihna Apts., Prabhat Road, Lane No. 10, Erandawana _bPune _e411004 |
||
| 300 |
_a340p.: _bill. _c28cm (pbk) |
||
| 650 |
_aComputer programming language _912730 |
||
| 942 |
_2ddc _cEN _h005.133 _mNAT |
||
| 999 |
_c41647 _d41647 |
||